000 00538nam a2200205Ia 4500
005 20230425135724.0
008 131103s9999 xx 000 0 und d
040 _aLoreto College
041 _aEnglish
082 _a823.7
_bSCO
100 _aScott,Walter
245 _aOld Mortality
_cWalter Scott,preface and glossary by W.M.Parker
260 _aLondon
_bJ.M.Dent
_c1964
300 _axviii,459 p.
504 _aIncludes notes and glossary
650 _aNovel-English
700 _aParker,W.M.
850 _aLCLIB
942 _cBK
999 _c5578
_d56057